Nommés au César de la meilleure révélation masculine - Statistiques

Statistiques générales
  • Ce quiz a été pris 82 fois
    65 depuis la dernière actualisation
  • Le résultat moyen est 57 sur 210
Statistiques - réponses
Année Film Acteur % Correct
2024 Chien de la casse Raphaël Quenard
81%
2010 Un prophète Tahar Rahim
81%
2005 Un long dimanche de fiançailles Gaspard Ulliel
76%
2004 Les Egarés Gaspard Ulliel
76%
2003 Embrassez qui vous voudrez Gaspard Ulliel
76%
1996 La Haine Vincent Cassel
76%
2021 Tout simplement noir Jean-Pascal Zadi
71%
2013 Comme des frères Pierre Niney
71%
2012 J'aime regarder les filles Pierre Niney
71%
2000 Peut-être Romain Duris
71%
1999 Gadjo dilo Romain Duris
71%
2010 Les Beaux Gosses Vincent Lacoste
71%
1996 Les Apprentis Guillaume Depardieu
67%
1994 Cible émouvante Guillaume Depardieu
67%
1992 Tous les matins du monde Guillaume Depardieu
67%
2011 D'amour et d'eau fraîche Pio Marmaï
67%
2009 Le Premier Jour du reste de ta vie Pio Marmaï
67%
1997 Les Voleurs Benoît Magimel
62%
2006 Les Amants réguliers Louis Garrel
62%
1995 Regarde les hommes tomber Mathieu Kassovitz
62%
1994 Métisse Mathieu Kassovitz
62%
2022 Illusions perdues Benjamin Voisin
57%
2021 Eté 85 Benjamin Voisin
57%
2014 La Fille du 14 juillet Vincent Macaigne
57%
2023 La Nuit du 12 Bastien Bouillon
52%
2018 Le Sens de la fête Benjamin Lavernhe
52%
2000 C'est quoi la vie ? Eric Caravaca
52%
1999 En plein cœur Guillaume Canet
52%
2005 Violence des échanges en milieu tempéré Jérémie Renier
52%
1998 La Vérité si je mens ! José Garcia
52%
2019 Le monde est à toi Karim Leklou
52%
2025 En Fanfare Pierre Lottin
52%
1984 Tchao Pantin Richard Anconina
52%
1984 Vive la sociale ! François Cluzet
48%
2017 Diamant noir Niels Schneider
48%
2024 Le Règne animal Paul Kircher
48%
2023 Le Lycéen Paul Kircher
48%
2024 L'Eté dernier Samuel Kircher
48%
1999 Taxi Samy Naceri
48%
1991 Cyrano de Bergerac Vincent Perez
48%
1990 Un monde sans pitié Yvan Attal
48%
2017 Rester vertical Damien Bonnard
43%
2012 Angèle et Tony Grégory Gadebois
43%
1985 Le Bon Plaisir Hippolyte Girardot
43%
1996 La Haine Hubert Koundé
43%
1997 Comment je me suis disputé... (ma vie sexuelle) Mathieu Amalric
43%
2016 La Tête haute Rod Paradot
43%
1996 La Haine Saïd Taghmaoui
43%
1989 Chouans ! Stéphane Freiss
43%
1998 Les Randonneurs Vincent Elbaz
43%
2020 Au nom de la terre Anthony Bajon
38%
2019 La Prière Anthony Bajon
38%
1995 Petits Arrangements avec les morts Charles Berling
38%
2006 Ma vie en l'air Gilles Lellouche
38%
1984 L'Homme blessé Jean-Hugues Anglade
38%
2003 Trois Zéros Lorant Deutsch
38%
1996 L'Appât Olivier Sitruk
38%
2014 L'Inconnu du lac Pierre Deladonchamps
38%
1987 Conseil de famille Rémi Martin
38%
1998 Western Sergi Lopez
38%
1998 Nettoyage à sec Stanislas Merhar
38%
2016 Les Anarchistes Swann Arlaud
38%
2007 L'Ecole pour tous Arié Elmaleh
33%
1983 Family Rock Christophe Malavoy
33%
2000 Karnaval Clovis Cornillac
33%
2003 Monsieur Batignole Jean-Paul Rouve
33%
2008 Ensemble, c'est tout Laurent Stocker
33%
2025 L'Amour Ouf Malik Frikah
33%
2007 Les Amitiés maléfiques Malik Zidi
33%
2005 Les Temps qui changent Malik Zidi
33%
2003 Un moment de bonheur Malik Zidi
33%
2001 Gouttes d'eau sur pierres brûlantes Malik Zidi
33%
1992 J'embrasse pas Manuel Blanc
33%
1997 Capitaine Conan Philippe Torreton
33%
2011 La Princesse de Montpensier Raphaël Personnaz
33%
2025 L'Histoire de Souleymane Abou Sangaré
29%
2011 Bus Palladium Arthur Dupont
29%
2016 A trois on y va Félix Moati
29%
2013 Télé Gaucho Félix Moati
29%
2011 La Princesse de Montpensier Grégoire Leprince-Ringuet
29%
2009 La Belle Personne Grégoire Leprince-Ringuet
29%
2008 Les Chansons d'amour Grégoire Leprince-Ringuet
29%
2004 Les Egarés Grégoire Leprince-Ringuet
29%
1987 Black Mic-Mac Isaach de Bankolé
29%
1994 Les gens normaux n'ont rien d'exceptionnel Melvil Poupaud
29%
1990 La Fille de 15 ans Melvil Poupaud
29%
2024 Anatomie d'une chute Milo Machado-Graner
29%
2004 Les Corps impatients Nicolas Duvauchelle
29%
1994 Un, deux, trois, soleil Olivier Martinez
29%
1993 IP5 Olivier Martinez
29%
2018 Patients Pablo Pauly
29%
2002 Mauvais Genres Robinson Stévenin
29%
2000 Mauvaises Fréquentations Robinson Stévenin
29%
2019 Première Année William Lebghil
29%
2025 Les Fantômes Adam Bessa
24%
2002 Tanguy Eric Berger
24%
2021 Eté 85 Félix Lefebvre
24%
1991 Le Petit Criminel Gérald Thomassin
24%
2001 Ressources humaines Jalil Lespert
24%
2024 Le Théorème de Marguerite Julien Frison
24%
2000 Haut les cœurs ! Laurent Lucas
24%
1986 Poulet au vinaigre Lucas Belvaux
24%
1988 L'Œil au beur(re) noir Pascal Légitimus
24%
1997 Capitaine Conan Samuel Le Bihan
24%
1983 La Balance Tchéky Karyo
24%
1985 La Triche Xavier Deluc
24%
2020 Les Misérables Alexis Manenti
19%
2004 Bon Voyage Grégori Derangère
19%
2002 La Chambre des officiers Grégori Derangère
19%
2012 Jimmy Rivière Guillaume Gouix
19%
2008 99 Francs Jocelyn Quivrin
19%
2015 Les Combattants Kevin Azaïs
19%
2009 Le Premier Jour du reste de ta vie Marc-André Grondin
19%
2013 De rouille et d'os Matthias Schoenaerts
19%
2018 120 battements par minute Nahuel Pérez Biscayart
19%
2016 Trois souvenirs de ma jeunesse Quentin Dolmaire
19%
1998 Western Sacha Bourdo
19%
1986 Rendez-vous Wadeck Stanczak
19%
2006 Zim and Co. Adrien Jolivet
14%
2018 120 battements par minute Arnaud Valois
14%
1999 Petits Désordres amoureux Bruno Putzulu
14%
1997 Les Aveux de l'innocent Bruno Putzulu
14%
1994 Les Marmottes Christopher Thompson
14%
2005 Les Fautes d'orthographe Damien Jouillerot
14%
2019 Shéhérazade Dylan Robert
14%
2011 Carlos Edgar Ramirez
14%
2018 Marvin ou la Belle Education Finnegan Oldfield
14%
2016 Les Cowboys Finnegan Oldfield
14%
1989 De bruit et de fureur François Négret
14%
1988 Au revoir les enfants François Négret
14%
1995 Les Roseaux sauvages Gaël Morel
14%
2008 Les Témoins Johan Libéreau
14%
2017 Quand on a 17 ans Kacey Mottet-Klein
14%
2013 L'Enfant d'en haut Kacey Mottet-Klein
14%
2009 Un conte de Noël Laurent Capelluto
14%
2008 Le Fils de l'épicier Nicolas Cazalé
14%
1985 Souvenirs, souvenirs Pierre-Loup Rajot
14%
2023 Peter von Kant Stefan Crepon
14%
2010 Je suis heureux que ma mère soit vivante Vincent Rottiers
14%
2007 Le Passager Vincent Rottiers
14%
1993 Nord Xavier Beauvois
14%
2010 Un prophète Adel Bencherif
10%
2015 Les Héritiers Ahmed Dramé
10%
2006 Saint Jacques... La Mecque Aymen Saïdi
10%
1992 Une époque formidable... Chick Ortega
10%
2017 Quand on a 17 ans Corentin Fila
10%
1988 Champ d'honneur Cris Campion
10%
1987 Pirates Cris Campion
10%
2023 Bruno Reidal, confession d'un meurtrier Dimitri Doré
10%
2012 Les Lyonnais Dimitri Storoge
10%
1983 Le Retour de Martin Guerre Dominique Pinon
10%
2025 Miséricorde Félix Kysyl
10%
1995 Les Roseaux sauvages Frédéric Gorny
10%
1993 Olivier, Olivier Grégoire Colin
10%
2021 La Nuit venue Guang Huo
10%
1984 Au nom de tous les miens Jacques Penot
10%
1987 Gardien de la nuit Jean-Philippe Ecoffey
10%
1986 L'Effrontée Jean-Philippe Ecoffey
10%
2001 Une affaire de goût Jean-Pierre Lorit
10%
2017 Elle Jonas Bloquet
10%
1992 L'Année de l'éveil Laurent Grévill
10%
1989 Camille Claudel Laurent Grévill
10%
2020 La Vie scolaire Liam Pierron
10%
1991 Nikita Marc Duret
10%
2014 Elle s'en va Nemo Schiffman
10%
2004 Père et Fils Pascal Elbé
10%
2014 Suzanne Paul Hamy
10%
2015 Un beau dimanche Pierre Rochefort
10%
2022 Une histoire d'amour et de désir Sami Outalbali
10%
2002 Roberto Succo Stefano Cassetti
10%
1995 Les Roseaux sauvages Stéphane Rideau
10%
1988 Travelling avant Thierry Frémont
10%
2022 Les Magnétiques Thimotée Robart
10%
2019 Jusqu'à la garde Thomas Gioria
10%
1992 Paris s'éveille Thomas Langmann
10%
1989 Les Années sandwiches Thomas Langmann
10%
2021 Miss Alexandre Wetter
5%
1991 S'en fout la mort Alex Descas
5%
2023 Petite Nature Aliocha Reinert
5%
2020 Hors normes Benjamin Lesieur
5%
1985 La Diagonale du fou Benoît Régent
5%
2001 Le roi danse Boris Terral
5%
2001 La Confusion des genres Cyrille Thouvenin
5%
2020 Les Misérables Djebril Zonga
5%
2013 Dans la maison Ernst Umhauer
5%
2010 Welcome Firat Ayverdi
5%
2007 13 Tzameti George Babluani
5%
1986 La Tentation d'Isabelle Jacques Bonnaffé
5%
2007 Désaccord parfait James Thierrée
5%
2002 La Chambre des officiers Jean-Michel Portal
5%
1983 La Balance Jean-Paul Comart
5%
1990 Baptême Jean-Yves Bertellot
5%
1993 L'Accompagnatrice Julien Rassam
5%
1986 Le Thé au harem d'Archimède Kader Boukhanef
5%
2015 Eastern Boys Kirill Emelianov
5%
1999 Train de vie Lionel Abelanski
5%
2022 Les Olympiades Makita Samba
5%
2015 Qu'Allah bénisse la France Marc Zinga
5%
2003 Le Fils Morgan Marinne
5%
2012 Tu seras mon fils Nicolas Bridel
5%
2005 L'Esquive Osman Elkharraz
5%
2014 Les Petits Princes Paul Bartel
5%
1991 La Gloire de mon pèreLe Château de ma mère Philippe Uchan
5%
1990 Les Bois noirs Philippe Volter
5%
2009 Aide-toi, le ciel t'aidera Ralph Amoussou
5%
2007 La Californie Rasha Bukvic
5%
2022 Suprêmes Sandor Funtek
5%
1990 Comédie d'été Thierry Fortineau
5%
2006 Caché Walid Afkir
5%
1993 La Sentinelle Emmanuel Saligner
0%
Aucun quiz correspondant
Distribution des résultats
% des personnes avec chaque résultat
Percentile par nombre de réponses
Votre historique - résultats
Vous n’avez pas pris ce quiz depuis la dernière actualisation